00375nam a22001097a 4500040000900000245010300009260003300112300001400145700003500159700003300194700003800227 cASAB aPlant, Soil and Microbes bVolume 1: Implications in Crop Science/cedited by Khalid Rehman Hakeem aSwitzerlandbSpringer c2016 aXIV, 366p aHakeem, Khalid Rehman eeditor aSayeed, Akhtar Mohdeeditor aAbdullah, Siti Nor Akmar eeditor